Lyrics to 'Rivers and Roads' by The Head And The Heart - Statistics

General Stats
  • This quiz has been taken 27 times
  • The average score is 109 of 128
Answer Stats
Answer % Correct
A
100%
a
100%
all
100%
All
100%
And
100%
and
100%
be
100%
gone
100%
I
100%
now
100%
the
100%
we
100%
will
100%
you
100%
your
100%
away
92%
friends
92%
from
92%
miss
92%
move
92%
our
92%
Rivers
92%
rivers
92%
to
92%
year
92%
as
83%
change
83%
face
83%
hell
83%
in
83%
it
83%
like
83%
my
83%
not
83%
roads
83%
Then
83%
things
83%
way
83%
we'll
83%
well
83%
bout
75%
But
75%
different
75%
family
75%
going
75%
it's
75%
lives
75%
places
75%
state
75%
talking
75%
til
75%
been
67%
Been
67%
better
67%
don't
67%
if
67%
is
67%
just
67%
Nothing
67%
of
67%
they're
67%
guess
58%
know
58%
make
58%
relate
58%
what
58%
has
50%
reach
50%
this
50%
No matching quizzes found
Score Distribution
Percent of People with Each Score
Percentile by Number Answered
Your Score History
You have not taken this quiz